000 00411pam a2200157a 44500
008 230405s2005 xxu||||| |||| 00| 0 eng d
020 _a8180615103
_cRs.245
082 _a618.1
_bARU
100 _aArulkumaran,Sabaratnam
245 _aEssential of Gynaecology
260 _aNew Delhi
_bJaypee Pub
_c2005
300 _a326 p
700 _aChatterjee, Alokendu
700 _aSivanesaratnam V
906 _a000630
999 _c249392
_d249392